Tous les jeux de la série The Legend of Zelda - Statistiques

Statistiques générales
  • Ce quiz a été pris 536 fois
  • Le résultat moyen est 15 sur 19
Statistiques - réponses
Ordre Chronologique The Legend of Zelda ... % Correct
Point d'intersection entre différents univers parallèles Ocarina of Time
97%
Rassemblement des trois univers parallèles Breath of the Wild
96%
Univers Parallèle : Victoire du héros, Link revient dans le passé Majora's Mask
94%
Twilight Princess
92%
Univers Parallèle : Victoire du héros, Ganon est scellé Wind Waker
88%
Univers Principal Skyward Sword
87%
The Legend of Zelda
87%
Univers Parallèle : Défaite du héros du temps To the Past
84%
Phantom Hourglass
82%
Awakening
80%
Minish Cap
79%
Spirit Tracks
77%
Between Worlds
74%
Four Swords
74%
Oracle of Ages
68%
Oracle of Seasons
68%
The Adventure of Link
62%
Tri Force Heroes
61%
Four Swords Adventures
31%
Aucun quiz correspondant
Distribution des résultats
% des personnes avec chaque résultat
Percentile par nombre de réponses
Votre historique - résultats
Vous n’avez pas pris ce quiz